000 00455 a2200181 4500
001 066452
003 OSt
005 20210929101040.0
008
082 _a006.312
_bM76D
100 1 _aMontgomery, Douglas C.
245 1 _aDesign and analysis of experiments
_cby Douglas C. Montgomery
250 _a5th ed.
260 _aIndia
_bWiley
_c2010
300 _a684p.
690 _aExperimental design
942 _2ddc
_cBK
999 _c506
_d506